000 00280nam a2200097Ia 4500
082 _a344.02 ESSE
245 0 _aESSENTIAL SOCIAL SECURITY LAW
100 _a STRYDOM, E M L. Lansdowne, [South Africa], 2001
_953144
942 _cBK
008 210817s9999 xx 000 0 und d
999 _c168811
_d168809